01727 a2200193 45000010006000000050017000060080041000230030015000640400040000790800066001192450097001850200022002822640096003043000019004005050930004191000020013497000024013698560140013932825220260407155554.0260407a2014 arg spa dAR-UNSa-BCEJYS aAR-UNSa-BCEJYSbspacAR-UNSa-BCEJYS a338.26xPlanes económicos. Planificación de la economía10aPlanificación, prospectiva y gestión públicapreflexiones para la agenda de desarrollo a978-92-1-121831-2 1aSantiago de Chile :bCEPAL (Comisión Económica para América Latina y el Caribe)c2014 a243 p.c22 cm. a1. La historia y los retos del desarrollo latinoamericano - 2. Planificación y desarrollo con igualdad en América Latina y el Caribe: tendencias del desarrollo y la desigualdad durante los últimos 20 años - 3. Notas sobre el desarrollo y globalización en América Latina - 4. La planificación en Europa: del abandono a un cierto resurgir, bajo nuevas formas - 5. Origen, evolución y situación actual de las políticas territoriales en América Latina en los siglos XX y XXI - 6. Reflexiones sobre la gestión por resultados - 7. La articulación entre el plan y el presupuesto: un tema recurrente en el trabajo del ILPES en la región - 8. Gestión pública y desarrollo - 9. El avance de la prospectiva en América Latina y el Caribe: factor esencial para un nuevo paradigma de planificación para el desarrollo en el siglo XXI - 10. El ILPES: reflexiones sobre su historia y perspectivas de futuro1 aMáttar, Jorge1 aPerrotti, Daniel E.41uhttps://biblioeco.unsa.edu.ar/pmb/images/libros/Planificacion, prospectiva y gestion publica-l120000.jpgyImagen de portadaqimage/jpeg